000 00989mam a22003138a 4500
001 2318016
003 ARRUPE
005 20150904142008.0
008 980901s1999 enk b 000 1 eng
010 _a 98031240
020 _a0192838741
035 _a(OCoLC)ocm39812354
040 _aDLC
_cDLC
041 1 _aeng
_hfre
050 0 0 _aPQ1979.A65
_bE5 1999
082 0 0 _a843/.5
_221
100 1 _aDiderot, Denis,
_d1713-1784.
_917023
240 1 0 _aJacques le fataliste et son maƮtre.
_lEnglish
245 1 0 _aJacques the fatalist and his master /
_cDenis Diderot ; translated and edited by David Coward.
260 _aOxford ;
_aNew York :
_bOxford University Press,
_c1999.
263 _a9905
300 _axxxix, 258p. :
_c20cm.
490 1 _aOxford world's classics
504 _aIncludes bibliographical references.
700 1 _aCoward, David.
_919325
830 0 _aOxford world's classics (Oxford University Press)
_99934
942 _2lcc
_cMONOGRAPH
999 _c123237
_d123237